The drama handbook : (Record no. 10268)

MARC details
000 -LEADER
fixed length control field 00539cam a2200193ua 4500
008 - FIXED-LENGTH DATA ELEMENTS--GENERAL INFORMATION
fixed length control field 190919n ii |||gr||||Z||||||eng
020 ## - INTERNATIONAL STANDARD BOOK NUMBER
International Standard Book Number 9780198835721
040 ## - CATALOGING SOURCE
Transcribing agency MAIN
082 ## - DEWEY DECIMAL CLASSIFICATION NUMBER
Classification number 822
100 ## - MAIN ENTRY--PERSONAL NAME
Personal name John Lennard . ,
Relator term
245 ## - TITLE STATEMENT
Title The drama handbook :
Remainder of title a guide to reading plays /
Statement of responsibility, etc. By John Lennard .
260 ## - PUBLICATION, DISTRIBUTION, ETC.
Place of publication, distribution, etc. New Delhi :
Name of publisher, distributor, etc. Oxford University press,
Date of publication, distribution, etc. 2002.
300 ## - PHYSICAL DESCRIPTION
Extent 416p.
700 ## - ADDED ENTRY--PERSONAL NAME
Personal name Mary Luckhurst,
Relator term
942 ## - ADDED ENTRY ELEMENTS (KOHA)
Koha item type Books
653 ## - INDEX TERM--UNCONTROLLED
Uncontrolled term English drama
653 ## - INDEX TERM--UNCONTROLLED
Uncontrolled term A guide for english drama
Holdings
Withdrawn status Lost status Damaged status Not for loan Home library Current library Shelving location Date acquired Total Checkouts Full call number Barcode Date last seen Copy number Price effective from Koha item type Date last checked out
        Central Library, Naharkatiya College Central Library, Naharkatiya College General Stacks 19/09/2020   822English literature | LEN 27648 19/09/2020 1 19/09/2020 Books  
        Central Library, Naharkatiya College Central Library, Naharkatiya College General Stacks 19/09/2020 2 822English literature | LEN 27649 17/01/2023 2 19/09/2020 Books 31/12/2022
        Central Library, Naharkatiya College Central Library, Naharkatiya College General Stacks 19/09/2020   822English literature | LEN 27650 19/09/2020 3 19/09/2020 Books  

Naharkatiya College © 2020. All rights reserved.

Powered By